000 00830cam a2200277 4500
999 _c8428
_d8428
001 8428
003 BD-JhCC
005 20180419185235.0
008 690414s1969 nyua b 001 0 eng
035 _a(BD-JhCC)8428
040 _aDLC
_cDLC
_dDLC
041 _aeng
050 0 0 _aQ160
_b.M5 1969
082 0 0 _a500.2
_bMIL 1969
100 1 _aMiles, Vaden Willis,
_d1911-
245 1 0 _aCollege physical science /
_cVaden W. Miles, G. Ray Sherwood [and] Willard H. Parsons.
250 _a2d ed.
260 _aNew York,
_bHarper & Row
_c[1969]
300 _ax, 530 p.
_billus. (part col.)
_c27 cm.
504 _aIncludes bibliographies.
650 0 _aPhysical sciences.
700 1 _aSherwood, George Ray,
_d1896-
700 1 _aParsons, Willard Hall,
_d1911-
942 _2ddc
_cBK